| 000 | 00618nam a2200229 a 4500 | ||
|---|---|---|---|
| 008 | |||
| 020 | _a0072498617 (pbk.) | ||
| 049 | _aMAIN | ||
| 090 |
_aPN4500 _bDIY |
||
| 100 | 1 | _aDiYanni, Robert. | |
| 245 | 1 | 4 |
_aThe essay : _ban introduction / _cRobert, DiYanni. |
| 260 |
_aBoston : _bMcGraw-hill, _cc2002. |
||
| 300 |
_axiii, 178 p. : _bill. ; _c24 cm. |
||
| 500 | _aIncludes index. | ||
| 650 | _aLiterature. | ||
| 650 | _aEssays. | ||
| 907 |
_a.b10287309 _b22-05-12 _c16-11-10 |
||
| 003 | |||
| 005 | 20230123125104.0 | ||
| 040 | _cNUST | ||
| 942 |
_cBOOKS _kPN4500 _mDIY |
||
| 999 |
_c135551 _d135551 |
||